LEADER 03988 am 2200961 n 450 001 9910768392403321 005 20230518 010 $a2-7297-1408-1 024 7 $a10.4000/books.pul.50961 035 $a(CKB)5700000000382186 035 $a(FrMaCLE)OB-pul-50961 035 $a(PPN)270386300 035 $a(EXLCZ)995700000000382186 100 $a20230526j|||||||| ||| 0 101 0 $afre 135 $auu||||||m|||| 200 10$aLyon, métropole en mouvement /$fAurélie Mercier, Roelof Verhage 210 $aLyon $cPresses universitaires de Lyon$d2023 215 $a1 online resource (192 p.) 311 $a2-7297-1407-3 330 $aEn 2015, la Communauté urbaine de Lyon devient la Métropole de Lyon : une instance politique territoriale dont les compétences sont renforcées par rapport aux autres métropoles françaises. Aux compétences de l?ancienne communauté urbaine viennent s?ajouter celles du département du Rhône sur le périmètre de la métropole. Cette évolution administrative est allée de pair avec le développement économique, social et culturel de la ville, qui n?a eu de cesse d?élargir son aire d?influence. Cet ouvrage vise à comprendre comment la métropole de Lyon s?est constituée, mais aussi comment on y vit et quelles sont ses relations avec les autres territoires. Pour répondre à ces questions, les enseignants- chercheurs du pôle de spécialité Villes et Mobilités de l?Université Lumière Lyon 2, issus de différentes disciplines, ont rassemblé leurs travaux sur un même objet, la métropole de Lyon, en l?étudiant sous différents aspects : son développement institutionnel, ses politiques (industrielle, touristique, de transport ou de logement), le lien affectif que peuvent développer les habitants à leur quartier, les relations de voisinage, l?immigration à Lyon dans la première partie du xxe siècle ou le tourisme au début du xxie siècle. Ce croisement de regards permet plus largement d?aborder les enjeux passés et actuels des processus de métropolisation. 606 $aUrban Studies 606 $aEconomics (General) 606 $aMétropole 606 $aLyon 606 $aRhône 606 $aadministration 606 $adroit 606 $atransports 606 $amobilité 606 $aindustrie 606 $asociologie 606 $aéconomie 606 $aaménagement 606 $avoisinage 606 $aquartier 606 $arénovation urbaine 606 $aLa Duchère 606 $aimmigration 606 $atourisme 606 $ahistoire 606 $aLa Métropole de Lyon 606 $aCOURLY 615 4$aUrban Studies 615 4$aEconomics (General) 615 4$aMétropole 615 4$aLyon 615 4$aRhône 615 4$aadministration 615 4$adroit 615 4$atransports 615 4$amobilité 615 4$aindustrie 615 4$asociologie 615 4$aéconomie 615 4$aaménagement 615 4$avoisinage 615 4$aquartier 615 4$arénovation urbaine 615 4$aLa Duchère 615 4$aimmigration 615 4$atourisme 615 4$ahistoire 615 4$aLa Métropole de Lyon 615 4$aCOURLY 700 $aAuthier$b Jean-Yves$01292744 701 $aBonneval$b Loïc$01241051 701 $aBotea$b Bianca$01287514 701 $aChabrot$b Christophe$01455366 701 $aCorvec$b Stéphanie Souche-Le$01455367 701 $aFaugier$b Étienne$01307255 701 $aLévêque$b Antoine$01455368 701 $aLinossier$b Rachel$01455369 701 $aMallon$b Isabelle$01287007 701 $aMercier$b Aurélie$01455370 701 $aRamdani$b Hacina$01455371 701 $aSimon$b Anthony$0432356 701 $aVerhage$b Roelof$0272556 801 0$bFR-FrMaCLE 906 $aBOOK 912 $a9910768392403321 996 $aLyon, métropole en mouvement$93657184 997 $aUNINA LEADER 02618nas 2200709-a 450 001 996213523103316 005 20240413021106.0 035 $a(CKB)954927730640 035 $a(CONSER)---94648722- 035 $a(EXLCZ)99954927730640 100 $a19941118a199u9999 --- a 101 0 $aeng 181 $ctxt$2rdacontent 182 $cc$2rdamedia 183 $acr$2rdacarrier 200 00$aHealth data management 210 $aNew York, NY $cFaulkner & Gray 215 $a1 online resource 311 $aPrint version: Health data management. (DLC) 94648722 (OCoLC)31484797 1079-9869 531 $aHEALTH DATA MANAG 531 0 $aHealth data manag. 606 $aMedical claims processing industry$zUnited States$vPeriodicals 606 $aHealth insurance claims$zUnited States$xData processing$vPeriodicals 606 $aMedical records$zUnited States$xData processing$vPeriodicals 606 $aElectronic data interchange$zUnited States$vPeriodicals 606 $aComputer networks$zUnited States$vPeriodicals 606 $aElectronic Data Processing 606 $aComputer Communication Networks 606 $aInsurance Claim Reporting 606 $aInsurance, Health 606 $aMedical Records 606 $aComputer networks$2fast$3(OCoLC)fst00872297 606 $aElectronic data interchange$2fast$3(OCoLC)fst00906944 606 $aHealth insurance claims$xData processing$2fast$3(OCoLC)fst00953088 606 $aMedical claims processing industry$2fast$3(OCoLC)fst01013946 606 $aMedical records$xData processing$2fast$3(OCoLC)fst01014552 607 $aUnited States 607 $aUnited States$2fast 608 $aPeriodical. 608 $aPeriodicals.$2fast 608 $aPeriodicals.$2lcgft 615 0$aMedical claims processing industry 615 0$aHealth insurance claims$xData processing 615 0$aMedical records$xData processing 615 0$aElectronic data interchange 615 0$aComputer networks 615 2$aElectronic Data Processing. 615 2$aComputer Communication Networks. 615 2$aInsurance Claim Reporting. 615 2$aInsurance, Health. 615 2$aMedical Records. 615 7$aComputer networks. 615 7$aElectronic data interchange. 615 7$aHealth insurance claims$xData processing. 615 7$aMedical claims processing industry. 615 7$aMedical records$xData processing. 676 $a368.3/82/00681 906 $aNEWSPAPER 912 $a996213523103316 920 $aexl_impl conversion 996 $aHealth data management$91985487 997 $aUNISA